1935 1618 1465 1995 1652 1377 1631 1349 1771 1504 1273 1048 1358 1636 1214 1220 1129 1757 1967 1972 1461 1478 1607 1587 1074 1592 1961 1758 1306 1869 1356 1669 1928 1081 1178 1512 1401 1731 1818 1385 1407 1241 1618 1687 1393 1445 1645 1235 1541 1466 1369 1357 1969 1777 1404 1680 1140 1179 1920 1683 1422 1061 1242 1638 1613 1501 1082 1752 1947 1839 1692 1162 1439 1591 1208 1670 1401 1696 1027 1426 1438 1623 1786 1572 1905 1082 1929 1428 1587 1726 1292 1424 1126 1337 1454 1795 1691 1414 1794 BCNSPRNW ULIB Ver.6.0+V

เปลี่ยนเป็นภาษาไทย

Change to English
 แสดงรายละเอียดบรรณานุกรม
  กลับหน้าหลัก

Brief Record : Get Marc (ISO 2709) : E-mail record : QR code < ปิดหน้าต่าง
LEADER : 00000nam 2200000uu 4500
001    13399114682
003     ULIB
008    120429s2554||||th 000 0 tha d
020    ^a9786167519005
060 04 ^aWB935^bล145ก
100 0  ^aลลิตา ธีระสิริ
245 00 ^aกระดูกผุ-แคลเซียม ป้องกันรักษาด้วยธรรมชาติวิธี /^cลลิตา ธีระสิริ
260    ^aกรุงเทพฯ :^bรวมทรรศน์,^c2554
300    ^a88 หน้า
650  7 ^aกระดูกผุ
650  7 ^aแคลเซียม
650  7 ^aกระดูกผุ^xการรักษา
945    ^p100^l0^i18982
995    ^a เกษร
999    ^aใช้งานได้ทุกระบบ
รายการนี้ยังไม่มีแท็ก
คุณยังไม่ได้ล็อกอิน คุณสามารถมีกิจกรรมร่วมกับเว็บไซต์ได้ แต่ต้องล็อกอินก่อน ::
  ล็อกอิน

รายการสื่อสารสนเทศ

ลำดับที่ ประเภท เลขเรียก/บาร์โค้ด สถานที่ สถานะ
1. วิทยาศาสตร์การแพทย์ และสุขภาพ
วิทยาศาสตร์การแพทย์ และสุขภาพ
สถานะ=หนังสือเก่า
WB935 ล145ก  
  Barcode: 18982
ห้องสมุดวิทยาเขตนครสวรรค์
►ส่วนจัดเก็บหนังสือเก่า นว.
บนชั้น
  ขอยืม

รายการใกล้เคียง
    ผู้แต่ง [ลลิตา ธีระสิริ]

    หัวเรื่อง [กระดูกผุ]
    หัวเรื่อง [แคลเซียม]

BibComment


ยังไม่เคยถูกคอมเมนท์

คอมเมนท์ทรัพยากรรายการนี้
  คอมเมนท์: กระดูกผุแคลเซียม..


 Copyright 2026. Bcnsprnw @Library